[Event "LIBEREC OPEN 2020"]
[Site "Clarion Grandhotel Zlaty Lev, "]
[Date "2020.02.23"]
[Round "2"]
[White "Mammadzada, Emin Serraf"]
[Black "Suchomel, Oldrich"]
[Result "1-0"]
[WhiteElo "1000"]
[BlackElo "1535"]
[PlyCount "45"]
[EventDate "2020.02.22"]

1. e4 e5 2. Nf3 d6 3. d4 exd4 4. Nxd4 c5 5. Bb5+ Bd7 6. Bxd7+ Qxd7 7. Nf5 g6 8.
Ng3 Bg7 9. Nc3 Nf6 10. Bf4 Bf8 11. Qd2 Be7 12. Rd1 Nc6 13. Bxd6 Rd8 14. Bxe7
Qxd2+ 15. Rxd2 Rxd2 16. Bxf6 O-O 17. Kxd2 Re8 18. e5 h5 19. Nge4 b6 20. Nd6 Re6
21. f4 a5 22. a3 Nd4 23. Nd5 1-0

[Event "LIBEREC OPEN 2020"]
[Site "Clarion Grandhotel Zlaty Lev, "]
[Date "2020.02.24"]
[Round "3"]
[White "Kucera, Petr"]
[Black "Priasmoro, Novendra"]
[Result "0-1"]
[WhiteElo "2203"]
[BlackElo "2493"]
[PlyCount "176"]
[EventDate "2020.02.22"]

1. d4 Nf6 2. Nf3 g6 3. g3 Bg7 4. Bg2 O-O 5. O-O d6 6. b3 e5 7. dxe5 Nfd7 8. Bb2
dxe5 9. e4 a5 10. a4 Na6 11. Na3 Nac5 12. Re1 b6 13. Nc4 Qe7 14. Ne3 Bb7 15.
Nd2 Nf6 16. Ba3 Rfd8 17. Qe2 Bf8 18. f3 Qe8 19. Ndc4 Ne6 20. Bxf8 Kxf8 21. Qf2
Nc5 22. Rad1 Ba6 23. Rd2 Rxd2 24. Qxd2 Qe7 25. Rd1 Re8 26. Qc3 Nb7 27. Nb2 Nc5
28. Nbc4 Kg8 29. Bh3 h5 30. Bf1 h4 31. Nd2 hxg3 32. hxg3 Bb7 33. Bg2 Nh5 34.
Ndf1 Qg5 35. Kf2 Ba6 36. Bh3 Nf6 37. Bg2 Kg7 38. Qd2 Qh6 39. Nd5 Qxd2+ 40. Rxd2
Bxf1 41. Nxf6 Kxf6 42. Bxf1 Rh8 43. Bg2 g5 44. Rd1 Ke6 45. Rd2 c6 46. Kg1 Ke7
47. Bf1 f6 48. Bc4 g4 49. Kg2 gxf3+ 50. Kxf3 Rh1 51. Rf2 Re1 52. Re2 Rh1 53.
Rf2 Nb7 54. Rf1 Rh2 55. Rf2 Rh6 56. Bd3 Kd6 57. Rd2 Ke7 58. Kg2 Nd6 59. c3 Rh8
60. b4 Ra8 61. Ra2 axb4 62. cxb4 c5 63. bxc5 bxc5 64. a5 c4 65. Bc2 Kd7 66. Kf3
Kc6 67. Ke3 Ra6 68. Bd1 Kb5 69. Rf2 Rxa5 70. Rxf6 Ra3+ 71. Ke2 Nxe4 72. Re6
Nxg3+ 73. Kf2 e4 74. Rg6 e3+ 75. Ke1 e2 76. Bxe2 Re3 77. Kf2 Rxe2+ 78. Kxg3 c3
79. Kf3 Re7 80. Rg8 Kc4 81. Rc8+ Kb3 82. Rb8+ Ka2 83. Rc8 Kb2 84. Rb8+ Kc1 85.
Rc8 c2 86. Kf4 Rb7 87. Ke3 Kb2 88. Kd2 c1=Q+ 0-1

[Event "LIBEREC OPEN 2020"]
[Site "Clarion Grandhotel Zlaty Lev, "]
[Date "2020.02.24"]
[Round "3"]
[White "Nomin-Erdene, Davaademberel"]
[Black "Vitak, Jiri"]
[Result "0-1"]
[WhiteElo "2417"]
[BlackElo "2199"]
[PlyCount "100"]
[EventDate "2020.02.22"]

1. e4 c5 2. Nf3 d6 3. d4 cxd4 4. Nxd4 Nf6 5. Nc3 g6 6. Be3 Bg7 7. f3 O-O 8. Qd2
Nc6 9. g4 Be6 10. Nxe6 fxe6 11. O-O-O Ne5 12. Be2 Qc8 13. h4 Nfd7 14. f4 Nc4
15. Bxc4 Qxc4 16. h5 Bxc3 17. Qxc3 Qxc3 18. bxc3 Nf6 19. hxg6 hxg6 20. Bd4 Nxe4
21. Rde1 d5 22. g5 Kf7 23. Rh6 Rg8 24. Kb2 b6 25. Reh1 Raf8 26. Be5 Nd2 27. Bd4
Ke8 28. Kc1 Ne4 29. R6h4 Kd7 30. Re1 Rf5 31. Kd1 Rf7 32. Bg1 Nd6 33. Kd2 Rc8
34. Kd3 Rc4 35. Rh6 Rfxf4 36. Rxg6 Ne4 37. Bd4 Rg4 38. Rg7 Nxc3 39. Bxc3 Rg3+
40. Kd2 Rgxc3 41. Rg6 Rxc2+ 42. Kd3 R4c3+ 43. Kd4 Rc6 44. Kd3 Rg2 45. Rg8 Rc4
46. Rg6 Rg3+ 47. Kd2 Ra4 48. Kc2 Rxa2+ 49. Kb1 Rd2 50. Rgxe6 Rd1+ 0-1

[Event "LIBEREC OPEN 2020"]
[Site "Clarion Grandhotel Zlaty Lev, "]
[Date "2020.02.24"]
[Round "3"]
[White "Nehyba, Martin"]
[Black "Kulon, Klaudia"]
[Result "0-1"]
[WhiteElo "2170"]
[BlackElo "2335"]
[PlyCount "100"]
[EventDate "2020.02.22"]

1. e4 e5 2. Nf3 Nc6 3. Bc4 Nf6 4. d3 h6 5. c3 d6 6. Nbd2 g6 7. Nf1 Bg7 8. Ng3
O-O 9. O-O Na5 10. Bb5 a6 11. Ba4 b5 12. Bc2 c5 13. d4 cxd4 14. cxd4 Nc6 15. d5
Ne7 16. Ne1 h5 17. f4 exf4 18. Bxf4 Qb6+ 19. Kh1 Ng4 20. Nd3 h4 21. h3 Ne3 22.
Bxe3 Qxe3 23. Rf3 Qd4 24. Nf1 Ra7 25. Nd2 Rc7 26. Rc1 g5 27. Nb3 Qb6 28. Qd2 f6
29. Nf2 Ng6 30. Qa5 Qxa5 31. Nxa5 Ne5 32. Rc3 Rxc3 33. bxc3 f5 34. exf5 Bxf5
35. Bxf5 Rxf5 36. Ne4 Nd3 37. Rd1 Nf2+ 38. Nxf2 Rxf2 39. Nb7 Be5 40. a4 bxa4
41. Kg1 Rc2 42. Ra1 Bg3 43. Kf1 Rf2+ 44. Kg1 Rb2 45. Na5 Rb5 46. Nc6 a3 47. Kf1
Rb3 48. c4 Re3 49. Nd4 Be5 50. Nc2 Bxa1 0-1

[Event "LIBEREC OPEN 2020"]
[Site "Clarion Grandhotel Zlaty Lev, "]
[Date "2020.02.24"]
[Round "3"]
[White "Arfan, Aditya Bagus"]
[Black "Cermak, Michal"]
[Result "1-0"]
[WhiteElo "2285"]
[BlackElo "2093"]
[PlyCount "101"]
[EventDate "2020.02.22"]

1. e4 e5 2. Nf3 Nc6 3. d4 exd4 4. Nxd4 Qf6 5. Nxc6 Bc5 6. Qf3 bxc6 7. Nd2 Qxf3
8. gxf3 Ne7 9. Nb3 Bd6 10. f4 Ng6 11. e5 Be7 12. Be3 d6 13. exd6 cxd6 14. Be2
O-O 15. O-O-O a5 16. Bf3 d5 17. c4 Nh4 18. Be2 dxc4 19. Nd4 c3 20. bxc3 Rb8 21.
Kc2 Bd7 22. Nb3 Bf5+ 23. Bd3 Bg4 24. Rb1 Be6 25. Nxa5 Ra8 26. Nxc6 Bd6 27. Nd4
Bd5 28. Rhc1 Rxa2+ 29. Rb2 Ra5 30. Rcb1 Ng2 31. Rb5 Rfa8 32. Rxa5 Rxa5 33. c4
Ra2+ 34. Kc3 Ba8 35. Nf5 Bc7 36. Ne7+ Kf8 37. Bc5 Ke8 38. Nd5 Bxd5 39. cxd5
Nxf4 40. Bb5+ Kd8 41. d6 Ba5+ 42. Kb3 Rd2 43. Be3 Rd5 44. Kc4 Rf5 45. Bc6 Kc8
46. Ba7 Bc7 47. dxc7 Kxc7 48. Be4 Rf6 49. Bb8+ Kd7 50. Be5 Re6 51. Bf5 1-0

[Event "LIBEREC OPEN 2020"]
[Site "Clarion Grandhotel Zlaty Lev, "]
[Date "2020.02.24"]
[Round "3"]
[White "Jacobi, Robin"]
[Black "Valenta, Vit"]
[Result "1-0"]
[WhiteElo "2243"]
[BlackElo "2060"]
[PlyCount "101"]
[EventDate "2020.02.22"]

1. Nf3 Nf6 2. g3 d6 3. d4 g6 4. Bg2 Bg7 5. O-O O-O 6. b3 c5 7. Bb2 cxd4 8. Nxd4
a6 9. c4 Qc7 10. Nc3 Nbd7 11. Rc1 Rb8 12. e3 Nc5 13. b4 Ncd7 14. Nd5 Nxd5 15.
cxd5 Qb6 16. Qd2 Nf6 17. a4 Bd7 18. a5 Qd8 19. Rc3 Rc8 20. Rfc1 Rxc3 21. Rxc3
Qb8 22. h3 Rc8 23. f4 Rxc3 24. Qxc3 Ne8 25. Kf2 Nc7 26. Qc2 Qc8 27. Ke2 Qd8 28.
e4 Bb5+ 29. Ke3 Qd7 30. g4 Ba4 31. Qc1 e5 32. dxe6 fxe6 33. Qc4 Bb5 34. Qb3 Qf7
35. g5 e5 36. Qxf7+ Kxf7 37. Nxb5 Nxb5 38. f5 h6 39. h4 d5 40. f6 d4+ 41. Kd3
Bf8 42. Kc4 hxg5 43. hxg5 Ke6 44. Bh3+ Kd6 45. Bc8 Kc7 46. Be6 Kc6 47. Bd5+ Kc7
48. Bg8 Kc6 49. Bc1 Nc3 50. Kd3 Na2 51. Bxa2 1-0

[Event "LIBEREC OPEN 2020"]
[Site "Clarion Grandhotel Zlaty Lev, "]
[Date "2020.02.24"]
[Round "3"]
[White "Sernecki, Franciszek"]
[Black "Paldus, Petr"]
[Result "1-0"]
[WhiteElo "2218"]
[BlackElo "2009"]
[PlyCount "31"]
[EventDate "2020.02.22"]

1. d4 d5 2. c4 dxc4 3. Nf3 c5 4. e3 cxd4 5. exd4 Nf6 6. Bxc4 e6 7. O-O Bd6 8.
Nc3 a6 9. Bg5 b5 10. Bb3 Bb7 11. d5 exd5 12. Re1+ Kf8 13. Bxd5 Bxd5 14. Bxf6
Qxf6 15. Qxd5 Ra7 16. Ne4 1-0

[Event "LIBEREC OPEN 2020"]
[Site "Clarion Grandhotel Zlaty Lev, "]
[Date "2020.02.24"]
[Round "3"]
[White "Cakl, Zdenek"]
[Black "Belaska, Premysl"]
[Result "1/2-1/2"]
[WhiteElo "2066"]
[BlackElo "2212"]
[PlyCount "48"]
[EventDate "2020.02.22"]

1. b3 {[%emt 0:00:00]} e5 2. Bb2 d6 3. e3 Nf6 4. d4 Nbd7 5. dxe5 Nxe5 6. Nf3
Nxf3+ 7. Qxf3 Be7 8. Bd3 d5 9. h3 Be6 10. O-O Qd7 11. Nc3 O-O 12. Rad1 Qc8 13.
Ne2 c5 14. c4 dxc4 15. bxc4 b5 16. Ng3 bxc4 17. Nf5 Bxf5 18. Bxf5 Qa6 19. Bb1
Qb6 20. Bc3 Rad8 21. Bc2 Qe6 22. Bf5 Qa6 23. Bb1 Qe6 24. Bf5 Qa6 1/2-1/2

[Event "LIBEREC OPEN 2020"]
[Site "Clarion Grandhotel Zlaty Lev, "]
[Date "2020.02.24"]
[Round "3"]
[White "Dalecky, Bretislav"]
[Black "Moravec, Vit"]
[Result "1/2-1/2"]
[WhiteElo "2060"]
[BlackElo "2222"]
[PlyCount "123"]
[EventDate "2020.02.22"]

1. e4 e5 2. Nf3 Nc6 3. Bb5 a6 4. Ba4 Nf6 5. O-O Be7 6. Re1 b5 7. Bb3 d6 8. c3
O-O 9. h3 Nb8 10. d4 Nbd7 11. Nbd2 Bb7 12. Bc2 Re8 13. Nf1 Bf8 14. Ng3 g6 15.
Bd2 Bg7 16. Qc1 Qe7 17. Bh6 Qf8 18. Bxg7 Qxg7 19. Qd2 c5 20. a4 c4 21. dxe5
dxe5 22. Qe3 Qf8 23. Rad1 h6 24. Rd2 Nc5 25. Red1 Rac8 26. axb5 axb5 27. Nh4
Kh7 28. f4 exf4 29. Qxf4 Nfxe4 30. Rd7 Nxd7 31. Rxd7 Qc5+ 32. Kh2 Re7 33. Rxb7
Nxg3 34. Rxe7 Qxe7 35. Qxg3 Qc7 36. Nf3 Qxg3+ 37. Kxg3 Ra8 38. Nd4 Ra5 39. Kf3
Kg7 40. Ke3 Ra2 41. Kd2 Rxb2 42. Kc1 Ra2 43. Nxb5 Ra5 44. Nd6 Rc5 45. Be4 Kf6
46. Bf3 Ke6 47. Ne4 Rc7 48. Kd2 f5 49. Ng3 Ke5 50. Nf1 Rd7+ 51. Kc2 Kf4 52. Bc6
Rc7 53. g3+ Ke5 54. Bf3 f4 55. gxf4+ Kxf4 56. Be2 g5 57. Nd2 Kg3 58. Bf1 h5 59.
Nxc4 Kf2 60. Nd2 g4 61. hxg4 hxg4 62. Bd3 1/2-1/2

[Event "LIBEREC OPEN 2020"]
[Site "Clarion Grandhotel Zlaty Lev, "]
[Date "2020.02.24"]
[Round "3"]
[White "Ulicny, Daniel"]
[Black "Bindrich, Oswald"]
[Result "0-1"]
[WhiteElo "1762"]
[BlackElo "2131"]
[PlyCount "56"]
[EventDate "2020.02.22"]

1. Nf3 Nf6 2. c4 g6 3. Nc3 Bg7 4. g3 O-O 5. Bg2 d6 6. O-O Nc6 7. d4 a6 8. d5
Na5 9. Qd3 c5 10. Rb1 Bd7 11. b4 cxb4 12. Rxb4 b5 13. cxb5 axb5 14. Nxb5 Nb7
15. Be3 Nc5 16. Bxc5 dxc5 17. Rbb1 Bf5 18. Qb3 Bxb1 19. Rxb1 Qa5 20. a3 Rab8
21. Ne5 Qd2 22. Nc6 Rb7 23. a4 Qxe2 24. Bf3 c4 25. Bxe2 cxb3 26. a5 Nxd5 27. a6
Rb6 28. Nbd4 Nc3 0-1

[Event "LIBEREC OPEN 2020"]
[Site "Clarion Grandhotel Zlaty Lev, "]
[Date "2020.02.24"]
[Round "3"]
[White "Bruna, Matous"]
[Black "Akash, G."]
[Result "0-1"]
[WhiteElo "1641"]
[BlackElo "2449"]
[PlyCount "82"]
[EventDate "2020.02.22"]

1. e4 c5 2. Nc3 Nc6 3. g3 g6 4. Bg2 Bg7 5. Nge2 e6 6. O-O Nge7 7. d3 O-O 8. Be3
Nd4 9. Qd2 Rb8 10. f4 d6 11. Nd1 b5 12. c3 Nxe2+ 13. Qxe2 b4 14. d4 bxc3 15.
bxc3 Qa5 16. Qd2 cxd4 17. Bxd4 e5 18. Be3 exf4 19. Bxf4 Be5 20. Bxe5 Qxe5 21.
Qd4 Nc6 22. Qxe5 Nxe5 23. Ne3 Be6 24. Rfd1 Rfc8 25. Nd5 Bxd5 26. Rxd5 Rxc3 27.
Rd2 Nc4 28. Re2 Kf8 29. Rd1 Ke7 30. Kf2 h5 31. Bf1 Rb4 32. Rde1 Ne5 33. Kg2 h4
34. Re3 Rc2+ 35. R3e2 Rc5 36. Rf2 hxg3 37. Kxg3 d5 38. Rfe2 d4 39. Rd1 Rc3+ 40.
Kf2 Ng4+ 41. Ke1 Ne3 0-1

[Event "LIBEREC OPEN 2020"]
[Site "Clarion Grandhotel Zlaty Lev, "]
[Date "2020.02.24"]
[Round "3"]
[White "Bradac, Daniel"]
[Black "Zuzanek, Vitezslav"]
[Result "1/2-1/2"]
[WhiteElo "1975"]
[BlackElo "1625"]
[PlyCount "48"]
[EventDate "2020.02.22"]

1. e4 c5 2. Nf3 Nc6 3. d3 d6 4. g3 g6 5. Bg2 Bg7 6. O-O Nf6 7. a4 O-O 8. h3 Bd7
9. Na3 a6 10. Nc4 Qc7 11. a5 e6 12. c3 e5 13. Nh4 Be6 14. Ne3 Nxa5 15. f4 exf4
16. gxf4 Nb3 17. f5 Nxa1 18. fxe6 fxe6 19. Qa4 Nh5 20. Nf3 b5 21. Qxa1 a5 22.
Qa2 Qd7 23. Ng4 Nf4 24. Ng5 Ne2+ 1/2-1/2

[Event "LIBEREC OPEN 2020"]
[Site "Clarion Grandhotel Zlaty Lev, "]
[Date "2020.02.24"]
[Round "3"]
[White "Machacek, Jan"]
[Black "Habenicht, Martin"]
[Result "1-0"]
[WhiteElo "1621"]
[BlackElo "1966"]
[PlyCount "53"]
[EventDate "2020.02.22"]

1. d4 c5 2. d5 Nf6 3. c4 d6 4. Nc3 e5 5. e4 g6 6. Bd3 Bg7 7. f3 Nh5 8. Nge2 O-O
9. Be3 f5 10. exf5 gxf5 11. Qd2 Na6 12. O-O-O Nc7 13. Bg5 Qe8 14. Rhg1 b5 15.
g4 fxg4 16. fxg4 Nf6 17. Bxf6 Rxf6 18. Ne4 Rg6 19. g5 bxc4 20. Nf6+ Bxf6 21.
Bxg6 hxg6 22. gxf6 Bf5 23. Rdf1 Qd7 24. Rxf5 Qxf5 25. Qh6 Ne8 26. Rxg6+ Kf7 27.
Rg7+ 1-0

[Event "LIBEREC OPEN 2020"]
[Site "Clarion Grandhotel Zlaty Lev, "]
[Date "2020.02.24"]
[Round "3"]
[White "Aird, Ian"]
[Black "Sichrovsky, Tomas"]
[Result "0-1"]
[WhiteElo "1848"]
[BlackElo "1470"]
[PlyCount "66"]
[EventDate "2020.02.22"]

1. d4 Nf6 2. Nf3 c5 3. e3 g6 4. c4 Bg7 5. Nc3 cxd4 6. exd4 O-O 7. Be2 d5 8. O-O
dxc4 9. Bxc4 b6 10. Qe2 Bb7 11. Rd1 e6 12. Bg5 Nbd7 13. d5 e5 14. Rac1 Qe8 15.
Nb5 e4 16. Nfd4 Qe5 17. Bh4 Nh5 18. Nc6 Bxc6 19. dxc6 Ndf6 20. Bb3 Nf4 21. Qf1
Nd3 22. Rxd3 exd3 23. Qxd3 Rfd8 24. Qc4 a6 25. Bg3 Qxb5 26. Qxf7+ Kh8 27. c7
Rf8 28. Qe6 Rae8 29. c8=Q Ne4 30. Qcxe8 Qxe8 31. Qxe8 Rxe8 32. Re1 Bxb2 33. f3
Bd4+ 0-1

[Event "LIBEREC OPEN 2020"]
[Site "Clarion Grandhotel Zlaty Lev, "]
[Date "2020.02.24"]
[Round "3"]
[White "Bigalke, Moritz"]
[Black "Rygl, Jakub"]
[Result "0-1"]
[WhiteElo "1776"]
[BlackElo "1441"]
[PlyCount "120"]
[EventDate "2020.02.22"]

1. e4 c6 2. Nc3 d5 3. h3 dxe4 4. Nxe4 Bf5 5. Ng3 Bg6 6. Nf3 e6 7. Be2 Nf6 8.
O-O Bd6 9. d3 h6 10. Nh4 Bh7 11. Nf3 Qc7 12. Qe1 Nbd7 13. Nh2 h5 14. f4 O-O-O
15. Qf2 Rdg8 16. Bd1 g5 17. Ne2 Rg7 18. Kh1 b6 19. a4 Rhg8 20. g3 gxf4 21. Bxf4
e5 22. Bh6 Rg6 23. Be3 e4 24. Bf4 Bxf4 25. Qxf4 exd3 26. cxd3 R6g7 27. Qxc7+
Kxc7 28. Bc2 Nd5 29. Ra3 Ne5 30. d4 Nc4 31. Bxh7 Rxh7 32. Raf3 f6 33. Nc3 Nd2
34. Nxd5+ cxd5 35. Rc3+ Kd7 36. Rfc1 Rgg7 37. Kg2 Ne4 38. Rc7+ Ke6 39. R7c6+
Kd7 40. Nf1 Nxg3 41. Rc7+ Kd8 42. Rxg7 Rxg7 43. Nxg3 h4 44. Rc3 Kd7 45. Kf2
hxg3+ 46. Rxg3 Rh7 47. Ke3 Ke6 48. Kf2 Rh4 49. Ke3 a5 50. Kd3 Kf5 51. Rf3+ Ke6
52. Kc3 Ke7 53. Rd3 Kd6 54. b3 f5 55. Kd2 Re4 56. Kc3 Rh4 57. Rg3 Rh6 58. b4
Kc6 59. b5+ Kd6 60. Kd3 Rh4 0-1

[Event "LIBEREC OPEN 2020"]
[Site "Clarion Grandhotel Zlaty Lev, "]
[Date "2020.02.24"]
[Round "3"]
[White "Suchomel, Oldrich"]
[Black "Hlavac, Tomas"]
[Result "1-0"]
[WhiteElo "1535"]
[BlackElo "1372"]
[PlyCount "55"]
[EventDate "2020.02.22"]

1. e4 e6 2. d4 d5 3. e5 c5 4. Be3 Qb6 5. b3 Nc6 6. Nf3 cxd4 7. Bxd4 Bb4+ 8. c3
Nxd4 9. Nxd4 Bc5 10. Bb5+ Kf8 11. Be2 Qc7 12. f4 Bd7 13. Nd2 Ne7 14. N2f3 Ng6
15. g3 Ke7 16. b4 Bb6 17. Rc1 Rac8 18. c4 a6 19. c5 Ba7 20. O-O Bc6 21. Bd3 Qd7
22. f5 exf5 23. Bxf5 Qc7 24. Bxc8 Rxc8 25. Nf5+ Kf8 26. Nd6 Rd8 27. Ng5 Nxe5
28. Ne6+ 1-0

[Event "LIBEREC OPEN 2020"]
[Site "Clarion Grandhotel Zlaty Lev, "]
[Date "2020.02.25"]
[Round "4"]
[White "Priasmoro, Novendra"]
[Black "Jacobi, Robin"]
[Result "1-0"]
[WhiteElo "2493"]
[BlackElo "2243"]
[PlyCount "103"]
[EventDate "2020.02.22"]

1. e4 c5 2. Nf3 d6 3. d4 cxd4 4. Nxd4 Nf6 5. Nc3 e6 6. Bg5 a6 7. f4 Be7 8. Qf3
Qb6 9. O-O-O Nc6 10. Nb3 h5 11. Bd3 Bd7 12. Rhe1 O-O-O 13. e5 Ne8 14. exd6 Nxd6
15. Na4 Qc7 16. Nbc5 Bxg5 17. fxg5 Nb4 18. Nxd7 Rxd7 19. Qf2 Kb8 20. a3 Nxd3+
21. Rxd3 Nf5 22. Rxd7 Qxd7 23. Qf4+ Qd6 24. Qxd6+ Nxd6 25. g6 Re8 26. Nc5 fxg6
27. Rxe6 Rxe6 28. Nxe6 Nf5 29. Kd2 b6 30. Kd3 Kb7 31. Nf4 Ne7 32. Ke4 Kc6 33.
Ke5 Nf5 34. Nxh5 Ne3 35. Nxg7 Nxc2 36. g4 Ne3 37. h3 Nc4+ 38. Kf6 Nxb2 39. h4
Nc4 40. Kxg6 b5 41. h5 a5 42. h6 Ne5+ 43. Kf5 Nf7 44. h7 b4 45. axb4 axb4 46.
Kf6 Nh8 47. Nf5 Kd5 48. Kg7 b3 49. Ne3+ Kd4 50. Nd1 Kd3 51. Kxh8 Kc2 52. Kg7
1-0

[Event "LIBEREC OPEN 2020"]
[Site "Clarion Grandhotel Zlaty Lev, "]
[Date "2020.02.25"]
[Round "4"]
[White "Kulon, Klaudia"]
[Black "Sernecki, Franciszek"]
[Result "1-0"]
[WhiteElo "2335"]
[BlackElo "2218"]
[PlyCount "77"]
[EventDate "2020.02.22"]

1. d4 Nf6 2. Bg5 e6 3. Nd2 c5 4. e3 d5 5. c3 Be7 6. Bd3 O-O 7. f4 Qb6 8. Rb1
Bd7 9. a4 Qa5 10. Bc2 b5 11. axb5 Bxb5 12. Bxf6 Bxf6 13. Nb3 Qb6 14. Nxc5 e5
15. fxe5 Bxe5 16. Qh5 f5 17. Bxf5 g6 18. Be6+ Qxe6 19. Nxe6 Rf1+ 20. Kd2 Rf2+
21. Qe2 Bxe2 22. Nxe2 Bd6 23. Rhg1 Nd7 24. Rbf1 Rxf1 25. Rxf1 Rb8 26. b4 Nb6
27. N6f4 Re8 28. Kd3 Re7 29. Ra1 g5 30. Nh5 Kf7 31. Rf1+ Kg6 32. g4 Re6 33.
Neg3 h6 34. e4 dxe4+ 35. Nxe4 Bxh2 36. Rf8 Nd5 37. Rg8+ Kf7 38. Rg7+ Kf8 39.
Rxa7 1-0

[Event "LIBEREC OPEN 2020"]
[Site "Clarion Grandhotel Zlaty Lev, "]
[Date "2020.02.25"]
[Round "4"]
[White "Dambrauskas, Virginijus"]
[Black "Arfan, Aditya Bagus"]
[Result "1-0"]
[WhiteElo "2245"]
[BlackElo "2285"]
[PlyCount "34"]
[EventDate "2020.02.22"]

1. d4 Nf6 2. c4 g6 3. Nc3 Bg7 4. g3 O-O 5. Bg2 d6 6. Nf3 Nc6 7. O-O Bf5 8. Nh4
Bd7 9. Nf3 e5 10. e3 Qc8 11. Re1 Bg4 12. d5 e4 13. dxc6 bxc6 14. Nxe4 Nxe4 15.
Qc2 Nc5 16. Nd4 Bxd4 17. exd4 Bf5 {... 44.} 1-0

[Event "LIBEREC OPEN 2020"]
[Site "Clarion Grandhotel Zlaty Lev, "]
[Date "2020.02.25"]
[Round "4"]
[White "Vitak, Jiri"]
[Black "Cakl, Zdenek"]
[Result "1-0"]
[WhiteElo "2199"]
[BlackElo "2066"]
[PlyCount "153"]
[EventDate "2020.02.22"]

1. d4 d5 2. c4 e6 3. Nf3 Nf6 4. g3 Bb4+ 5. Bd2 Be7 6. Bg2 O-O 7. Qc2 c6 8. O-O
b6 9. Ne5 Nfd7 10. Nxd7 Nxd7 11. Nc3 Ba6 12. cxd5 cxd5 13. Rac1 Rc8 14. Qa4 Nb8
15. Qd1 Nc6 16. Bf4 Bd6 17. Bxd6 Qxd6 18. Qa4 Nb8 19. Rfd1 b5 20. Nxb5 Qd7 21.
Rxc8 Rxc8 22. Nc3 Qxa4 23. Nxa4 Bxe2 24. Re1 Rc2 25. Nc3 Bc4 26. Bxd5 Bxd5 27.
Nxd5 Rxb2 28. Rc1 g5 29. Ne3 Kg7 30. Rc8 Rb7 31. Rc5 h6 32. d5 Nd7 33. Ra5 exd5
34. Rxd5 Nf6 35. Rd6 Rb6 36. Rxb6 axb6 37. Kf1 h5 38. f3 Nd7 39. Ke2 Kf6 40.
Kd3 Ke5 41. Kc4 f5 42. Ng2 Nf6 43. f4+ gxf4 44. Nxf4 Ke4 45. Kb5 h4 46. Kxb6
hxg3 47. hxg3 Kf3 48. a4 Nd7+ 49. Kc6 Ne5+ 50. Kd6 Nc4+ 51. Kc5 Na5 52. Nh5 Kg4
53. Ng7 Kxg3 54. Nxf5+ Kf4 55. Nd4 Ke4 56. Nc6 Nb7+ 57. Kc4 Nd6+ 58. Kc5 Nb7+
59. Kc4 Nd6+ 60. Kb4 Nb7 61. Na5 Nd8 62. Kc5 Ne6+ 63. Kb6 Kd5 64. Nb7 Nf8 65.
a5 Nd7+ 66. Kc7 Ne5 67. a6 Nc6 68. Kb6 Ne7 69. Kc7 Nc6 70. Nd6 Na7 71. Nc8 Nb5+
72. Kb6 Kc4 73. Ne7 Kb4 74. Nd5+ Kc4 75. Nc3 Nd6 76. Kc7 Ne8+ 77. Kc6 1-0

[Event "LIBEREC OPEN 2020"]
[Site "Clarion Grandhotel Zlaty Lev, "]
[Date "2020.02.25"]
[Round "4"]
[White "Belaska, Premysl"]
[Black "Dalecky, Bretislav"]
[Result "1-0"]
[WhiteElo "2212"]
[BlackElo "2060"]
[PlyCount "99"]
[EventDate "2020.02.22"]

1. e4 c5 2. Nf3 e6 3. d4 cxd4 4. Nxd4 Nf6 5. Nc3 Nc6 6. Ndb5 d6 7. Bf4 e5 8.
Bg5 a6 9. Na3 Be7 10. Nc4 Be6 11. Bxf6 gxf6 12. Ne3 Qa5 13. Qd2 Rc8 14. Ncd5
Qxd2+ 15. Kxd2 b5 16. Bd3 Rg8 17. g3 Bd8 18. c3 Na5 19. b3 Kd7 20. Kc2 Nc6 21.
Kb2 Rb8 22. b4 a5 23. a4 bxa4 24. Rxa4 axb4 25. cxb4 Bxd5 26. Nxd5 f5 27. Bf1
Ke6 28. Bh3 Ne7 29. Rd1 Bb6 30. exf5+ Nxf5 31. Bxf5+ Kxf5 32. Ne7+ Ke4 33. Nxg8
Rxg8 34. Rxd6 Bxf2 35. b5+ Bd4+ 36. Kc2 f5 37. b6 Rc8+ 38. Kd2 Rb8 39. Rb4 Rb7
40. Rb3 Bg1 41. h4 h5 42. Ke2 f4 43. gxf4 exf4 44. Rb4+ Ke5 45. Rh6 Kf5 46.
Rxh5+ Ke6 47. Kf3 Be3 48. Ke4 Kd6 49. Rd5+ Kc6 50. Rc4+ 1-0

[Event "LIBEREC OPEN 2020"]
[Site "Clarion Grandhotel Zlaty Lev, "]
[Date "2020.02.25"]
[Round "4"]
[White "Bindrich, Oswald"]
[Black "Lu, Miaoyi"]
[Result "0-1"]
[WhiteElo "2131"]
[BlackElo "1824"]
[PlyCount "94"]
[EventDate "2020.02.22"]

1. e4 c6 2. d4 d5 3. exd5 cxd5 4. c4 Nf6 5. Nc3 Nc6 6. Nf3 g6 7. cxd5 Nxd5 8.
Qb3 Nxc3 9. Bc4 e6 10. bxc3 Bg7 11. Ba3 Na5 12. Qa4+ Bd7 13. Bb5 Nc6 14. Qc2
Bf8 15. Bxf8 Kxf8 16. O-O Kg7 17. Bd3 Qf6 18. Rab1 Rab8 19. Rfe1 Rhd8 20. h4
Ne7 21. h5 Nd5 22. Ne5 Be8 23. Be4 b5 24. hxg6 hxg6 25. Bxd5 exd5 26. Re3 Bd7
27. Nxd7 Rxd7 28. a4 Rdb7 29. Rf3 Qc6 30. axb5 Rxb5 31. Rxb5 Qxb5 32. Kh2 Rh8+
33. Rh3 Rxh3+ 34. Kxh3 a5 35. f3 a4 36. Qa2 Qb3 37. Qe2 a3 38. Qe5+ Kh7 39. Qe7
Kg8 40. Qe8+ Kg7 41. Qe5+ Kf8 42. Qd6+ Kg8 43. Qd8+ Kg7 44. Qe7 a2 45. Qe5+ Kf8
46. Qh8+ Ke7 47. Qa8 Qb2 0-1

[Event "LIBEREC OPEN 2020"]
[Site "Clarion Grandhotel Zlaty Lev, "]
[Date "2020.02.25"]
[Round "4"]
[White "Akash, G."]
[Black "Peniska, Pavel"]
[Result "1-0"]
[WhiteElo "2449"]
[BlackElo "1868"]
[PlyCount "69"]
[EventDate "2020.02.22"]

1. e4 c5 2. Nf3 Nc6 3. d4 cxd4 4. Nxd4 g6 5. c4 Bg7 6. Be3 Nf6 7. Nc3 Ng4 8.
Qxg4 Nxd4 9. Qd1 Ne6 10. Rc1 b6 11. Be2 Bb7 12. Qd2 Rc8 13. O-O O-O 14. f3 d6
15. Nb5 a5 16. b3 Nc5 17. Rb1 Ra8 18. Rfd1 Bc6 19. Bf1 Qd7 20. Nd4 Rfb8 21. Qf2
Qc7 22. Nb5 Qc8 23. Bg5 Rb7 24. Kh1 Ne6 25. Be3 Nc5 26. Qd2 Ne6 27. Rbc1 Nc5
28. Nc3 f5 29. exf5 Qxf5 30. Bd4 h5 31. Nd5 e5 32. Bxc5 dxc5 33. Bd3 Qf7 34.
Qg5 Be8 35. Be4 1-0

[Event "LIBEREC OPEN 2020"]
[Site "Clarion Grandhotel Zlaty Lev, "]
[Date "2020.02.25"]
[Round "4"]
[White "Hodan, Jiri"]
[Black "Nomin-Erdene, Davaademberel"]
[Result "0-1"]
[WhiteElo "1851"]
[BlackElo "2417"]
[PlyCount "116"]
[EventDate "2020.02.22"]

1. e4 c6 2. d4 d5 3. Nc3 dxe4 4. Nxe4 Nf6 5. Ng3 e6 6. Nf3 Bd6 7. Bd3 Nbd7 8.
O-O Qc7 9. Re1 O-O 10. Ne4 Nxe4 11. Rxe4 c5 12. Rh4 f5 13. Ng5 Nf6 14. Bc4 Qe7
15. Qf3 h6 16. Nh3 Ng4 17. Rxg4 fxg4 18. Qxg4 Qf6 19. Be3 cxd4 20. Bxd4 Be5 21.
Bc5 Bxh2+ 22. Kh1 Qf5 23. Qd4 Be5 24. Qe3 Rf7 25. Rd1 Bc7 26. c3 b5 27. Bd3 Qe5
28. Qxe5 Bxe5 29. Bxb5 Bc7 30. Bc6 Rb8 31. Rd2 Bb7 32. Bxb7 Rxb7 33. g3 Rf5 34.
Be3 Rd5 35. b3 Rxd2 36. Bxd2 Bb6 37. Kg2 Rd7 38. Bf4 g5 39. Be5 g4 40. Nf4 Rd2
41. Bd4 Bxd4 42. cxd4 Kf7 43. Kf1 Rxa2 44. Nd3 Kf6 45. Ke1 Kf5 46. Nc5 Rc2 47.
b4 Rc4 48. Kd2 Rxb4 49. Kc3 Rb1 50. Nd3 a5 51. Nc5 Rf1 52. Nd3 Ke4 53. Nc5+ Kd5
54. Nd3 a4 55. Nf4+ Ke4 56. Nxe6 Rxf2 57. Nc5+ Kd5 58. Nxa4 Rf3+ 0-1

[Event "LIBEREC OPEN 2020"]
[Site "Clarion Grandhotel Zlaty Lev, "]
[Date "2020.02.25"]
[Round "4"]
[White "Moravec, Vit"]
[Black "Lye, Sigurd"]
[Result "1/2-1/2"]
[WhiteElo "2222"]
[BlackElo "1738"]
[PlyCount "100"]
[EventDate "2020.02.22"]

1. c4 e5 2. Nc3 Bb4 3. d3 Nf6 4. g3 c6 5. a3 Bxc3+ 6. bxc3 d5 7. cxd5 cxd5 8.
Bg2 Nc6 9. Nf3 O-O 10. O-O h6 11. Rb1 Qc7 12. Nd2 Be6 13. Nb3 b6 14. f4 Ne7 15.
fxe5 Qxe5 16. Nd4 Ng6 17. e3 Bg4 18. Qe1 Rac8 19. h3 Bd7 20. Bd2 Rfe8 21. Qf2
Qd6 22. Kh2 h5 23. Bf3 h4 24. Kg2 Qxg3+ 25. Qxg3 hxg3 26. Kxg3 Ne5 27. Be2 Nh7
28. Nf3 Nf8 29. Nxe5 Rxe5 30. Bf3 Bc6 31. Rb4 Ng6 32. c4 dxc4 33. Rxc4 Bd7 34.
Rxc8+ Bxc8 35. e4 Ba6 36. Be2 Rc5 37. Kf2 Rc2 38. Ke3 f6 39. Rc1 Rxc1 40. Bxc1
Kf8 41. d4 Bxe2 42. Kxe2 Ke7 43. Kd3 Kd6 44. Kc4 a6 45. a4 Kc6 46. Be3 Ne7 47.
Bf4 g5 48. Bg3 Ng6 49. d5+ Kd7 50. Kd4 Nh4 1/2-1/2